Loading...
| Literature - British Literature | 0 | 4 | 0 | 0 | 40 | 29 | 76.75 | 1 | 3 |
| History - European History | 0 | 4 | 1 | 1 | 35 | 13 | 78.50 | 2 | 2 |
| Religion | 0 | 4 | 1 | 0 | 35 | 63 | 89.75 | 1 | 3 |
| History - American History | 0 | 4 | 2 | 1 | 30 | 73 | 83.50 | 0 | 3 |
| History - World History | 0 | 2 | 0 | 1 | 20 | 81 | 92.50 | 0 | 1 |
| Literature - American Literature | 0 | 2 | 0 | 1 | 20 | 113 | 120.50 | 0 | 1 |
| Literature - European Literature | 0 | 2 | 0 | 0 | 20 | 51 | 80.00 | 0 | 2 |
| Philosophy | 0 | 2 | 0 | 0 | 20 | 97 | 112.00 | 0 | 0 |
| Pop Culture | 0 | 2 | 0 | 0 | 20 | 67 | 75.00 | 0 | 2 |
| Fine Arts - Other Fine Arts | 0 | 3 | 2 | 0 | 20 | 40 | 103.67 | 1 | 1 |
| Fine Arts - Visual Fine Arts | 0 | 2 | 0 | 1 | 20 | 59 | 91.00 | 0 | 2 |
| History - Other History | 0 | 2 | 0 | 0 | 20 | 53 | 85.00 | 0 | 1 |
| Science - Chemistry | 0 | 2 | 1 | 1 | 15 | 78 | 102.00 | 0 | 1 |
| Science - Other Science | 0 | 1 | 0 | 0 | 10 | 105 | 105.00 | 0 | 0 |
| Geography/Current Events | 0 | 1 | 0 | 0 | 10 | 71 | 71.00 | 0 | 1 |
| Science - Biology | 0 | 1 | 0 | 0 | 10 | 95 | 95.00 | 0 | 1 |
| Social Science | 0 | 0 | 0 | 0 | 0 | 0.00 | 0 | 0 | |
| Mythology | 0 | 0 | 1 | 0 | -5 | 0.00 | 0 | 0 | |
| Science - Physics | 0 | 0 | 1 | 0 | -5 | 0.00 | 0 | 0 | |
| Fine Arts - Classical Music | 0 | 0 | 1 | 0 | -5 | 0.00 | 0 | 0 |